000 00584nmm a2200157Ia 4500
008 251105s9999||||xx |||||||||||||||||und||
041 _aspa
100 _aAndrés Gómez, María Soledad
245 0 _aLos sistemas de ayuda entre iguales como instrumentos de mejora de la convivencia escolar : evaluación de una intervención
264 _a[Madrid, España] :
_bMinisterio de Educación, Cultura y Deporte de España,
_c2012
300 _a617 páginas
490 _aInvestigación
650 _aEducation
856 _uhttps://public.digitaliapublishing.com/a/17761
942 _cCF
999 _c99604
_d99604